Normal view MARC view
  • Gurrola Torres, Héctor Salvador

Entry Nombre Personal

Number of records used in: 1

001 - NUMERO DE CONTROL

  • campo de control: 59579

003 - IDENTIFICADOR DE NUMERO DE CONTROL

  • campo de control: UPN

005 - FECHA Y HORA DE LA ÜLTIMA TRANSACCIÓN

  • campo de control: 20260519142920.0

008 - DATOS DE LONGITUD FIJA

  • campo de control de longitud fija: 260519|| acz||aabn | a|a d

024 ## - OTROS IDENTIFICADORES NORMALIZADOS

  • Fuente: orcid
  • Número normalizado o código: https://orcid.org/0009-0002-4866-4407

040 ## - FUENTE DE CATALOGACIÓN

  • Agencia original de catalogación: MX-MxUPN

100 1# - ENCABEZAMIENTO - NOMBRE PERSONAL

  • Nombre personal: Gurrola Torres, Héctor Salvador

370 ## - LUGAR ASOCIADO

  • Place of birth: Durango, México

371 ## - DIRECCIÓN

  • Electronic mail address: 1183096@alumnos.ujed.mx

372 ## - CAMPO DE ACTIVIDAD

  • Field of activity: Ciencias sociales
  • Field of activity: Docencia

373 ## - GRUPO ASOCIADO

  • Associated group: Universidad Juárez del Estado de Durango

670 ## - FUENTE EN LA QUE SE LOCALIZARON DATOS

  • Cita de la fuente: En recurso en línea: Investigación educativa duranguense, Vol. 16 no. 25, (2025):
  • Información localizada: página 21 (Héctor Salvador Gurrola Torres)
  • Uniform Resource Identifier: https://editorialupd.mx/revistas/index.php/ined/article/view/238/292

902 ## - CATALOGADOR

  • Catalogador: RGJD/190526